000
00253 a2200109 4500
001
63362
082
_a
621.811 KEP
090
_c
37413
_d
37413
100
_a
Kelpher, H.B
245
_a
Basic Graphic Kinematics
_h
English
260
_a
India
_b
Mcgraw Hill
942
_a
CAE NUST
_k
621.811 KEP
999
_c
298435
_d
298435